<?xml version="1.0" encoding="UTF-8"?>
<marc:record xmlns:marc="http://www.loc.gov/MARC21/slim">
   <marc:leader>00000nam a2200000 a 4500</marc:leader>
   <marc:datafield ind1="1" ind2=" " tag="100">
      <marc:subfield code="a">Masaracchia, Regina</marc:subfield>
      <marc:subfield code="4">ctb</marc:subfield>
      <marc:subfield code="e">Mitwirkende/-r</marc:subfield>
   </marc:datafield>
   <marc:datafield ind1="1" ind2=" " tag="100">
      <marc:subfield code="a">Taschner, Ute</marc:subfield>
      <marc:subfield code="4">ctb</marc:subfield>
      <marc:subfield code="e">Mitwirkende/-r</marc:subfield>
   </marc:datafield>
   <marc:datafield ind1=" " ind2=" " tag="653">
      <marc:subfield code="a">Sachbilderbücher/Mensch</marc:subfield>
   </marc:datafield>
   <marc:datafield ind1="0" ind2="0" tag="245">
      <marc:subfield code="a">Ein Baby in unserer Mitte</marc:subfield>
   </marc:datafield>
   <marc:datafield ind1=" " ind2="1" tag="264">
      <marc:subfield code="a">Salzburg</marc:subfield>
      <marc:subfield code="b">Ed. Riedenburg</marc:subfield>
      <marc:subfield code="c">2007</marc:subfield>
   </marc:datafield>
   <marc:datafield ind1=" " ind2=" " tag="250">
      <marc:subfield code="a">1. Aufl.</marc:subfield>
   </marc:datafield>
   <marc:datafield ind1="1" ind2=" " tag="520">
      <marc:subfield code="a">Angaben aus der Verlagsmeldung

Ein Baby in unserer Mitte : Das Kindersachbuch zum Thema Geburt, Stillen, Pflegen, Schlafen, Tragen und Wohlfühlen / von Regina Masaracchia, Ute Taschner

Als Paul und Sophie eine kleine Schwester bekommen, sehen sie, wie ihre Mutter die kleine Nina an die Brust legt, um sie zu stillen. Hebamme Andrea beantwortet viele Fragen und erklärt anschaulich, was ein Baby alles braucht, um glücklich und rundum zufrieden zu sein. Denn menschliche Babys sind nicht nur „Säuglinge“, sondern auch „Traglinge“! Sie gedeihen viel besser und fühlen sich geborgen und sicher, wenn sie getragen werden... Na, dann kann ja nichts mehr schief gehen! *** Das Kindersachbuch zum Thema Geburt, Stillen, Pflegen, Schlafen, Tragen und Wohlfühlen *** Band 2 der Kindersachbuchreihe „Ich weiß jetzt wie!“ *** Die Kindersachbuchreihe für Mädchen und Jungen im Alter von 2 bis 7 Jahren, ihre Mamis, Papis, Omas, Opas, Onkel, Tanten... Zum Lesen, Schauen und Schmökern, basierend auf den offiziellen Empfehlungen von WHO und UNICEF. Mit zahlreichen Bildern, kindgerechten Erklärungen und weiterführenden Kontaktadressen.
</marc:subfield>
   </marc:datafield>
   <marc:datafield ind1=" " ind2=" " tag="020">
      <marc:subfield code="a">9783950235715</marc:subfield>
      <marc:subfield code="9">9783950235715</marc:subfield>
   </marc:datafield>
   <marc:datafield ind1=" " ind2=" " tag="020">
      <marc:subfield code="a">395023571X</marc:subfield>
      <marc:subfield code="9">395023571X</marc:subfield>
   </marc:datafield>
   <marc:datafield ind1=" " ind2=" " tag="041">
      <marc:subfield code="a">ger</marc:subfield>
   </marc:datafield>
   <marc:datafield ind1=" " ind2=" " tag="300">
      <marc:subfield code="a">63 S.</marc:subfield>
   </marc:datafield>
</marc:record>
